Is this the future of housing? (Record no. 121231)
[ view plain ]
| 000 -LEADER | |
|---|---|
| fixed length control field | 00674nas a22001937a 4500 |
| 001 - CONTROL NUMBER | |
| control field | K121231 |
| 007 - PHYSICAL DESCRIPTION FIXED FIELD--GENERAL INFORMATION | |
| fixed length control field | ta |
| 008 - FIXED-LENGTH DATA ELEMENTS--GENERAL INFORMATION | |
| fixed length control field | 200319b2020 ||||| |||| 00| 0 eng d |
| 041 ## - LANGUAGE CODE | |
| Language code of text/sound track or separate title | eng |
| 100 ## - MAIN ENTRY--PERSONAL NAME | |
| Personal author | Branson, Adam |
| 245 ## - TITLE STATEMENT | |
| Title | Is this the future of housing? |
| 260 ## - PUBLICATION INFORMATION | |
| Date | 2020 |
| 490 ## - SERIES TITLE | |
| Series statement | RICS Modus |
| Volume | March 2020, 20-24(5) |
| 520 ## - ABSTRACT | |
| Abstract | Examines whether generational co-living could help to ease rising housing costs, expensive childcare and a lack of elderly social care quoting examples of schemes already in action and research on the topic. |
| 650 ## - KEYWORDS | |
| Keywords | HOUSING |
| 650 ## - KEYWORDS | |
| Keywords | GENERATIONAL CO-LIVING |
| 651 ## - SUBJECT ADDED ENTRY--GEOGRAPHIC NAME | |
| Geographic name | United Kingdom |
| 690 ## - LOCAL SUBJECT ADDED ENTRY--TOPICAL TERM (OCLC, RLIN) | |
| 9 (RLIN) | 6266 |
| Topical term or geographic name as entry element | Residential property |
| Withdrawn status | Lost status | Source of classification or shelving scheme | Damaged status | Not for loan | Home library | Current library | Shelving location | Date acquired | Total Checkouts | Date last seen | Price effective from | Koha item type |
|---|---|---|---|---|---|---|---|---|---|---|---|---|
| Dewey Decimal Classification | London | London | Journal article | 19/03/2020 | 19/03/2020 | 19/03/2020 | Journal article |